000 00831nam a2200193Ii 4500
003 JO-AjNU
008 230605s9999||||xx |||||||||||||| ||und||
040 _aJO-AjNU
_bara
_erda
_cJO-AjNU
041 _aara
050 1 4 _aKMM126.H55.1973
100 3 _aهاشم، هشام رفعت,
_eauthor
_946688
245 0 0 _aشرح قانون العمل الاردني: تشريع -فقه-قضاء: دراسة مقارنة على النصوص والفقه والقضاء في الدول العربية
264 3 1 _aعمان:مكتبة المحتسب،1973
300 _a423ص
_bيحتوي على فهارس وببلوغرافية من ص379-ص423
336 _atext
_btxt
_2rdacontent
337 _aunmediated
_bn
_2rdamedia
338 _avolume
_bnc
_2rdacarrier
650 4 _aالعمل والعمال-قوانين وتشريعات
_946689
999 _aA20330
_c23898
_d23898